000 00389nam a2200145Ia 4500
008 231129s2002||||xx |||||||||||||| ||spa||
020 _a84-85334-52-3
040 _bspa
082 _a(i) 833 G165r
100 _aGallaz Christophe
245 0 _aRosa blanca
260 _c2002
264 _aSalamanca España : Lóguez Ediciones
942 _2ddc
_cBKS
999 _c24181
_d24181